000 00531nam a2200169Ia 4500
999 _c12193
_d12193
003 OSt
005 20201021114045.0
008 190216s9999||||xx |||||||||||||| ||und||
040 _coclc
082 _a822.3
_bCLE/E
100 _aClemen, Wolfgang H
_95056
245 0 _aEnglish Tragedy Before Shakespeare :
_bThe Development Of Dramatic Speech /
_cWolfgang Clemen
260 _bMethuen & Co,
_c1967.
_aNew York:
300 _a301p
650 _aEnglish Drama
942 _cBK
_2ddc
_h822.3
_iCLE/E
_k822.3
_mCLE/E